Financie verejnoprospešných subjektov

Saved in:
Bibliographic Details
Main Author: Beňová, Elena (Author)
Format: Book
Language:Slovak
Published: Bratislava : Ekonóm, 2002
Edition:2. vyd
Subjects:
Tags: Add Tag
No Tags, Be the first to tag this record!

MARC

LEADER 00000nam a22000003a 4500
001 stu99735
005 20150617225822.0
008 051213s2002----xo------------------slo-d
020 |a 80-225-1300-8 
040 |a STU  |b slo 
041 0 |a slo 
044 |a xo 
100 1 |a Beňová, Elena  |4 aut 
245 1 |a Financie verejnoprospešných subjektov 
250 |a 2. vyd 
260 |a Bratislava :  |b Ekonóm,  |c 2002 
300 |a 213 s 
650 7 |a verejnoprospešné inštitúcie  |2 stusub 
996 |b 284M063865  |c M*11798-1  |l MMKN  |s A  |a 24  |w stu99735_0001